000 01114nam a22002657a 4500
001 9554
003 FISKH
005 20260128102229.0
008 260123b cb ||||| |||| 00| 0 eng d
020 _a9781841495507
040 _aFISKH
_beng
_cFISKH
_dFISKH
050 _aPS3552 .R6596 .W5
082 _a813.54
100 _aBrooks , Terry
245 _aThe wishsong of Shannara :
_bBook Three of the Sahnnara Trilogy /
_cBy Terry Brooks
250 _aFirst published in the USA in 1985
260 _aNew York :
_bOrbit ,
_c1985 .
300 _a566 pages :
_billustrations ;
_c20 cm .
490 _aThe Shannara Trilogy
_vBook 3
520 _aHorror stalked the Four Lands as the Ildatch, ancient source of evil, sent its ghastly Mord Wraiths to destroy Mankind. Only Druid Allanon held the magic power of wishsong that could make plants bloom instantly or turn trees from green to autumn gold. But she, too, was in mortal danger, and Ildatch waited for Brin to fall into his trap.
650 _aSword of Shannara
_vFiction
650 _aHigh fantasy
_vFiction
942 _2ddc
_cBK
_n0
999 _c9554
_d9554